Er fattaccio e la passatella Celebri monologhi romaneschi

Guardado en:
Detalles Bibliográficos
Autor principal: Giuliani, Amerigo
Formato: Libro
Lenguaje:inglés
Publicado: Roma
Etiquetas: Agregar Etiqueta
Sin Etiquetas, Sea el primero en etiquetar este registro!

MARC

LEADER 00000nam a2200000 4500
005 20241106184423.0
008 241106b |||||||| |||| 00| 0 eng d
040 |c GP 
100 |a Giuliani, Amerigo 
245 |a Er fattaccio e la passatella  |b Celebri monologhi romaneschi 
260 |a Roma 
942 |2 ddc  |c BK  |n 0 
952 |0 0  |1 0  |2 ddc  |4 0  |6 808_000000000000000_MON  |7 1  |9 2172  |a RM  |b RM  |d 2024-11-06  |l 0  |o 808 MON  |p 401  |r 2024-11-06 18:44:44  |w 2024-11-06  |y BK 
999 |c 1911  |d 1911